| 000 | 01155cam a22002533a 4500 | ||
|---|---|---|---|
| 001 | 31628 | ||
| 003 | PGUSA | ||
| 005 | 20140828083702.0 | ||
| 008 | 100313s2010||||xxu|||||s|||||000 | eng d | ||
| 040 |
_aPGUSA _beng |
||
| 042 | _adc | ||
| 050 | 4 | _aPQ | |
| 100 | 1 |
_aCorneille, Pierre, _d1606-1684 |
|
| 245 | 1 | 0 |
_aŒuvres de P. Corneille, Tome 01 _h[electronic resource] / _cPierre Corneille |
| 260 |
_bProject Gutenberg, _c2010 |
||
| 505 | 0 | _a-- Avertissement -- -- Notice biographique sur Corneille -- -- Avertissements placés par Corneille en tête des divers recueils de ses pièces -- -- Discours de l'utilité et des parties du poëme dramatique -- -- Discours de la tragédie et des moyens de la traiter selon le vraisemblable ou le nécessaire -- -- Discours des trois unités, d'action, de jour et de lieu -- -- Mélite, comédie -- -- Clitandre, tragédie -- -- La Veuve, comédie | |
| 506 | _aPublic domain in the USA. | ||
| 516 | _aElectronic text | ||
| 653 | _aThéâtre | ||
| 700 | 1 |
_aMarty-Laveaux, Charles Joseph, _d1823-1899 |
|
| 830 | 0 |
_aProject Gutenberg _v31628 |
|
| 856 | 4 | 0 | _uhttp://www.gutenberg.org/ebooks/31628 |
| 942 | _cEB | ||
| 999 |
_c260883 _d260883 |
||